| 000 | 01006cam a2200265 a 4500 | ||
|---|---|---|---|
| 001 | 000011783 | ||
| 005 | 20200929162549.0 | ||
| 008 | 810220s1974 sp a 000 0 spa | ||
| 020 | _a8470900013 | ||
| 040 |
_aDO-SdBNP _bspa _dBNPHU |
||
| 082 |
_axxx _bxxx |
||
| 100 | 1 |
_aMalmberg, Bertil, _d1913- _927872 |
|
| 240 | 1 | 3 |
_aDet spanska Amerika i sprakets spegel. _lEspañol. |
| 245 | 1 | 3 |
_aLa América hispanohablante : _bUnidad y diferenciación del castellano / _cMalmberg Bertil ; traducción, Javier López Facal, Kristina Lindström. |
| 250 | _a3a ed. | ||
| 260 |
_aMadrid : _bEdiciones Istmo, _c1974. |
||
| 300 |
_a317 p. : _bil., mapa ; _c20 cm. |
||
| 490 | 1 |
_aEl libro de bolsillo Istmo _v3 |
|
| 500 | _aIncluye referencias bibliográficas y notas al pie de las páginas | ||
| 650 | 4 |
_aEspañol en américa _92217 |
|
| 700 | 1 | 2 |
_aLópez Facal, Javier, _etr. _927873 |
| 700 | 1 | 2 |
_aLindström, Kristina, _etr. _927874 |
| 830 | 0 |
_aEl libro de bolsillo Istmo ; _n3 _pFundamentos. _927875 |
|
| 049 | _aBNGR | ||
| 999 |
_c11457 _d11457 |
||